| 000 | 00357cam a2200145ua 4500 | ||
|---|---|---|---|
| 041 |
_aeng _h |
||
| 082 |
_a823.301 _bSAD/FO |
||
| 100 | _aSadhu, S L . | ||
| 245 |
_aFolk tales from kashmir / _cS L Sadhu. _hTextual Documents |
||
| 260 |
_aMumbai : _bAsia Publishing House , _c1962. |
||
| 300 | _a185 ; . | ||
| 504 | _a | ||
| 942 | _cBK | ||
| 999 |
_c3656 _d3656 |
||